| 000 | 00652nam a2200241Ia 4500 | ||
|---|---|---|---|
| 003 | OSt | ||
| 005 | 20221005035842.0 | ||
| 006 | a|||||r|||| 00| 0 | ||
| 007 | ta | ||
| 008 | 221004b |||||||| |||| 00| 0 urd d | ||
| 024 | _a30408 | ||
| 037 | _cTextual | ||
| 040 |
_aCRL _cCRL _burd |
||
| 041 |
_2urd _aurd |
||
| 082 | _aO168,3N182,1, J2 | ||
| 100 |
_aDuggal Kartar Singh Au. _9588683 |
||
| 245 | 0 | _aDiya bujh gya | |
| 260 |
_aDelhi _bMaktab shahrah India _c1952 |
||
| 300 |
_a75p. _ccm. |
||
| 650 |
_aURDU FICTION _93298 |
||
| 942 |
_hO168,3N182,1, J2 _cTEXL _2cc |
||
| 999 |
_c945884 _d945884 |
||